|
|
|
|
| LEADER |
01385nam a2200277 a 4500 |
| 001 |
GR-Patra14291 |
| 008 |
010705s2000 gr g 001 0 gre|c |
| 020 |
|
|
|a 9608050286
|
| 040 |
|
|
|a GrPaTEI
|b gre
|c GR-PaULI
|
| 082 |
|
0 |
|a 621.3815
|2 21
|
| 100 |
1 |
|
|a Tokheim, Roger L.
|
| 240 |
1 |
0 |
|a Schaum's outline of theory and problems of digital principles.
|l Ελληνικά
|
| 245 |
1 |
0 |
|a Εισαγωγή στα ψηφιακά ηλεκτρονικά /
|c Roger L. Tokheim ; μετάφραση Ιωάννης Πεταλάς, Χρήστος Β. Τζίκας.
|
| 260 |
|
|
|a Θεσσαλονίκη :
|b Τζιόλας,
|c c2000.
|
| 300 |
|
|
|a 416 σ. :
|b εικ. ;
|c 29 εκ.
|
| 490 |
0 |
|
|a Σειρά Schaum's
|
| 500 |
|
|
|a Μετάφραση του: Schaum's outline of theory and problems of digital principles, 3rd ed.
|
| 500 |
|
|
|a Περιλαμβάνει ευρετήριο.
|
| 650 |
|
0 |
|a Digital electronics.
|
| 650 |
|
4 |
|a Ψηφιακά ηλεκτρονικά
|2 lcsh/gre
|
| 700 |
1 |
|
|a Πεταλάς, Ιωάννης
|e μεταφραστής.
|
| 700 |
1 |
|
|a Τζίκας, Χρήστος Β.
|e μεταφραστής.
|
| 942 |
|
|
|2 ddc
|
| 952 |
|
|
|0 0
|1 0
|2 ddc
|4 0
|6 621_381500000000000_TOK
|7 0
|9 293269
|a LISK
|b LISK
|c BSC
|d 2021-01-17
|e 24
|f 0
|g 0.00
|l 0
|o 621.3815 TOK
|p 92410018371
|r 2021-01-17 00:00:00
|t 1
|w 2021-01-17
|y BK15
|x 20010705 0 1
|x GrPaTEI
|
| 971 |
|
|
|a .b26618060
|b 08-10-20
|c 23-09-16
|
| 999 |
|
|
|c 171429
|d 171429
|